The causes of the present inflation (Record no. 36872)

MARC details
000 -LEADER
fixed length control field 00585nam a2200145 a 4500
008 - FIXED-LENGTH DATA ELEMENTS--GENERAL INFORMATION
fixed length control field 120416s1981 ||||||||||||||||| || u
050 ## - LIBRARY OF CONGRESS CALL NUMBER
Classification number HG 229 Tyl
100 ## - MAIN ENTRY--PERSONAL NAME
Personal name Tylecote, Andrew
245 14 - TITLE STATEMENT
Title The causes of the present inflation
246 ## - VARYING FORM OF TITLE
Title proper/short title an interdisciplinary explanationm of inflation in Britain, Germany and the United States
260 ## - PUBLICATION, DISTRIBUTION, ETC.
Place of publication, distribution, etc. [London]
Name of publisher, distributor, etc. Macmillan
Date of publication, distribution, etc. [1981]
300 ## - PHYSICAL DESCRIPTION
Extent xvi, 236p. : ill.
350 ## - PRICE (NR) (BK AM CF MU VM SE) [OBSOLETE]
Price 0.00
995 ## - RECOMMENDATION 995 [LOCAL, UNIMARC FRANCE]
-- 0.00
-- CBU-MAIN LIBRARY (Kitwe)
-- 1
-- 0.00
-- 1
-- AVAILABLE
-- Main Library Open Access Collection
Holdings
Withdrawn status Lost status Source of classification or shelving scheme Damaged status Not for loan Home library Current library Shelving location Date acquired Total Checkouts Full call number Barcode Date last seen Price effective from Koha item type
          CBU-MAIN LIBRARY, KITWE. CBU-MAIN LIBRARY, KITWE.   11/30/2022   HG 229 Tyl 007639 11/30/2022 11/30/2022 MONOGRAPH